00681nam a2200205Ia 4500003000900000008004100009040001600050080001200066100002500078245013200103260003500235300001800270650001300288650001800301650002200319650002700341942000700368999001300375952008700388IN-BaIIA211028s9999 xx 000 0 eng d cIIA Library a52bMIT aMitchel, O. M.91318 4aThe planetary and stellar worldsba popular exposition of the great discoveries and theories of modern astronomycO. M. Mitchel aLondonbPatridge & Oakeyc1852 axvi, 17-336p. aArchives aAstronomy980 aAstrophysics9794 aPlanetary Systems9965 cBK c600d600 00104070aBANbKODcGENd0000-00-00l0o52/ MITp621r2021-11-05w0000-00-00yBK